00480nam a2200205Ia 4500008004000000020001800040041000800058082001700066100001900083245005700102260002500159300001000184650001100194650000800205650001400213650001500227650001400242650000800256650001000264210210b2010 xxu||||| |||| 00| 0 eng d a9788130910246 aeng a320.954 NIGA aNIGAM (Aditya) aAfter utopiabModernity socialism and the postcolony aNDbViva booksc2010 ax,282 autopia athe asocialism apostcolony aModernity aand aAfter